000 00460nab a2200145Ia 4500
003 ES-SlBCS
005 20210601135704.0
008 140529s1996 xxu||||| |||| 00| 0 spa d
041 _aspa
100 1 _aBorovoj, Vitalij
_9235387
245 0 0 _aEl Concilio Vaticano II y su significado para la Iglesia ortodoxa rusa
_c Vitalij Borovoj
611 2 4 _aVaticano II-Iglesia Rusa
_9235388
773 0 _tConcilium
_gnº. 268, 1996, págs. 167-189
_wRev134
942 _cAR
999 _c632301
_d632301